00391 a2200109 4500001001000000005001700010008004100027245012500068100002600193773004500219999001700264ART_5179420260410162044.0260409a 10aLa nueva percepción de los impuestos a las ganancias y bienes personales por operaciones gravadas por el impuesto PAIS1 aCoronello, Silvina E.0 tImpuestosg- N°86 (oct. 2020)wREV45175 c35169d35169